000 00271nam a22001217a 4500
008 180516b xxu||||| |||| 00| 0 eng d
041 _aeng
080 _a043.3
100 _a0
101 _aARK-BTH
245 _aNdërtesë afaristo/ banesore
_cMuqaj,V
942 _2udc
_cBK
999 _c45859
_d45859